000 00397nam a2200133Ia 4500
008 100328s9999 xx 000 0 und d
082 _b64297
100 _aभोगले प्रभाकर.
245 _aइरसाल गजाली.
260 _bवसंतश्री.
630 _aइरसाल गजाली.
730 _aइरसाल गजाली.
942 _cBOOK
999 _c550095
_d550092